| 000 | 00475nam a2200157 i 4500 | ||
|---|---|---|---|
| 001 | 91441 | ||
| 003 | ES-MaACL | ||
| 005 | 20230906180725.0 | ||
| 007 | t| | ||
| 008 | 050131s1935 ddr ||||1| ger d | ||
| 100 | 1 |
_aLewalter, Ernest. _972020 |
|
| 245 | 1 | 0 |
_aSpanisch-jesuitische und deutschuthe rische metaphysic des 17 jahrunderts / _cErnest Lewalter. |
| 260 |
_aHamburgo : _b[J.J. Agustin], _c1935. |
||
| 300 |
_a85 p. ; _c23 cm. |
||
| 852 |
_aES-MaACL _j1685-F-21 _bR.18586 |
||
| 999 |
_c91441 _d91441 |
||